Important next steps for the Green Deal (Record no. 114598)

MARC details
000 -LEADER
fixed length control field 01043cad a22002175a 4500
001 - CONTROL NUMBER
control field L157104
008 - FIXED-LENGTH DATA ELEMENTS--GENERAL INFORMATION
fixed length control field 120830s2012 xxk f 000 0 eng d
035 ## - SYSTEM CONTROL NUMBER
System control number (Sirsi) u157104
041 0# - LANGUAGE CODE
Language code of text/sound track or separate title eng
110 2# - MAIN ENTRY--CORPORATE NAME
Corporate name or jurisdiction name as entry element United Kingdom
Subordinate unit Department of Energy and Climate Change
9 (RLIN) 5850
245 00 - TITLE STATEMENT
Title Important next steps for the Green Deal
Medium [electronic resource]
260 ## - PUBLICATION, DISTRIBUTION, ETC.
Place of publication, distribution, etc. London
Name of publisher, distributor, etc. DECC
Date of publication, distribution, etc. 2012
490 #0 - SERIES STATEMENT
Series statement DECC Press Notice
Volume/sequential designation (12/094) 8 August 2012
520 ## - SUMMARY, ETC.
Summary, etc. £7m loan from the Department of Energy and Climate Change to The Green Deal Finance Company (TGDFC) has been agreed that will allow TGDFC to continue developing its low cost finance. Providers will be able to access finance through TGDFC, enabling them to offer packages to consumers upgrading their homes under the Green Deal.
590 ## - LOCAL NOTE (RLIN)
Local note KA
651 #4 - SUBJECT ADDED ENTRY--GEOGRAPHIC NAME
Geographic name United Kingdom
690 ## - LOCAL SUBJECT ADDED ENTRY--TOPICAL TERM (OCLC, RLIN)
Topical term or geographic name as entry element Energy
9 (RLIN) 6237
690 ## - LOCAL SUBJECT ADDED ENTRY--TOPICAL TERM (OCLC, RLIN)
Topical term or geographic name as entry element Sustainability
9 (RLIN) 6271
856 40 - ELECTRONIC LOCATION AND ACCESS
Uniform Resource Identifier <a href="https://www.decc.gov.uk/en/content/cms/news/pn12_094/pn12_094.aspx">https://www.decc.gov.uk/en/content/cms/news/pn12_094/pn12_094.aspx</a>
Public note view the item free of charge at www.decc.gov.uk
942 ## - ADDED ENTRY ELEMENTS (KOHA)
Suppress in OPAC 0
Holdings
Withdrawn status Lost status Source of classification or shelving scheme Damaged status Not for loan Home library Current library Shelving location Date acquired Total Checkouts Full call number Barcode Date last seen Copy number Price effective from Koha item type
    Dewey Decimal Classification     Virtual Virtual Online 30/08/2012   ONLINE PUBLICATION 157104-2001 06/08/2019 1 06/08/2019 Book